[Event "Titled Tuesday intern op 23rd Apr Late"]
[Site "Chess.com INT"]
[Date "2024.04.23"]
[Round "1"]
[White "Kovalevsky, Stanislav"]
[Black "Preotu, Razvan"]
[Result "1-0"]
[WhiteElo "2128"]
[BlackElo "2470"]
[PlyCount "63"]
[EventDate "2024.04.23"]
[EventType "swiss (blitz)"]
[EventRounds "11"]
[EventCountry "USA"]
[SourceTitle "CB18_2024"]
[SourceDate "2024.05.01"]
[SourceVersion "1"]
[SourceVersionDate "2024.05.01"]
[SourceQuality "2"]

1. e4 c5 2. c3 Nf6 3. e5 Nd5 4. Nf3 d6 5. Bb5+ Bd7 6. Bc4 e6 7. d4 dxe5 8. Nxe5 Nc6 9. Nxd7 Qxd7 10. 0-0 cxd4 11. cxd4 Be7 12. Nc3 Nb6 13. Bb5 a6 14. Bd3 Nxd4 15. Be3 Rd8 16. Qg4 0-0 17. Rad1 f5 18. Qh3 e5 19. f4 exf4 20. Rxf4 Bg5 21. Bxd4 Qc7 22. Rxf5 Rxd4 23. Rxf8+ Kxf8 24. Rf1+ Bf6 25. Qxh7 Nd7 26. Bg6 Ke7 27. Qg8 Qc5 28. Kh1 Kd6 29. Ne4+ Rxe4 30. Bxe4 Kc7 31. Qf7 Qd4 32. Bf5 1-0

[Event "Titled Tuesday intern op 23rd Apr Late"]
[Site "Chess.com INT"]
[Date "2024.04.23"]
[Round "2"]
[White "Preotu, Razvan"]
[Black "Hacker, Jonas"]
[Result "1/2-1/2"]
[WhiteElo "2470"]
[BlackElo "2394"]
[PlyCount "154"]
[EventDate "2024.04.23"]
[EventType "swiss (blitz)"]
[EventRounds "11"]
[EventCountry "USA"]
[SourceTitle "CB18_2024"]
[SourceDate "2024.05.01"]
[SourceVersion "1"]
[SourceVersionDate "2024.05.01"]
[SourceQuality "2"]

1. e4 e5 2. Nf3 Nc6 3. Bc4 Bc5 4. c3 Nf6 5. d3 0-0 6. 0-0 d5 7. exd5 Nxd5 8. Re1 Nb6 9. Bb3 Bg4 10. h3 Bh5 11. Nbd2 Bg6 12. Nxe5 Nxe5 13. Rxe5 Nd7 14. Re1 Bxd3 15. Ne4 Bxe4 16. Rxe4 Nf6 17. Qxd8 Raxd8 18. Re1 Rfe8 19. Bf4 Ne4 20. Be3 Bxe3 21. Rxe3 Nd6 22. Ree1 Rxe1+ 23. Rxe1 Re8 24. Kf1 Rxe1+ 25. Kxe1 Kf8 26. Ke2 Ke7 27. Ke3 b6 28. Kd4 f6 29. Kd5 Kd7 30. Ba4+ b5 31. Bc2 h6 32. Kc5 c6 33. b4 Nb7+ 34. Kd4 Kd6 35. c4 bxc4 36. Kxc4 Kc7 37. f4 Nd6+ 38. Kc5 Nb7+ 39. Kd4 Kd6 40. Ke4 Ke6 41. Bb3+ Ke7 42. a4 c5 43. b5 Kd6 44. Kf5 Na5 45. Bc2 c4 46. Kg6 c3 47. Kxg7 Nc4 48. g4 Ne3 49. Bb1 Ke7 50. Kxh6 c2 51. Bxc2 Nxc2 52. h4 Nd4 53. Kg7 Ne6+ 54. Kg8 Nxf4 55. h5 f5 56. gxf5 Nxh5 57. a5 Nf6+ 58. Kg7 Ne8+ 59. Kg6 Nc7 60. f6+ Kf8 61. b6 axb6 62. axb6 Na6 63. b7 Nb8 64. Kf5 Kf7 65. Ke5 Nd7+ 66. Kd6 Nb8 67. Kc7 Na6+ 68. Kb6 Nb8 69. Kc7 Na6+ 70. Kb6 Nb8 71. Ka7 Nd7 72. Ka6 Kxf6 73. Kb5 Ke7 74. Kc6 Kd8 75. Kd6 Nb8 76. Kd5 Kc7 77. Ke5 Kxb7 1/2-1/2

[Event "Titled Tuesday intern op 23rd Apr Late"]
[Site "Chess.com INT"]
[Date "2024.04.23"]
[Round "4"]
[White "Preotu, Razvan"]
[Black "Jakubowska, Anna"]
[Result "1-0"]
[WhiteElo "2470"]
[BlackElo "2139"]
[PlyCount "57"]
[EventDate "2024.04.23"]
[EventType "swiss (blitz)"]
[EventRounds "11"]
[EventCountry "USA"]
[SourceTitle "CB18_2024"]
[SourceDate "2024.05.01"]
[SourceVersion "1"]
[SourceVersionDate "2024.05.01"]
[SourceQuality "2"]

1. e4 Nf6 2. e5 Nd5 3. d4 d6 4. c4 Nb6 5. f4 dxe5 6. fxe5 Nc6 7. Be3 Bf5 8. Nc3 e6 9. Nf3 Be7 10. Be2 0-0 11. 0-0 f6 12. exf6 Bxf6 13. Kh1 Bg4 14. Ne4 Bxf3 15. Nxf6+ Rxf6 16. gxf3 Rf7 17. Qd3 e5 18. d5 Ne7 19. Qe4 Ng6 20. Rad1 Nd7 21. c5 Nf6 22. Qb4 Nh5 23. Qxb7 Rb8 24. Qc6 Qh4 25. Bf2 Qh3 26. Rg1 Rxb2 27. d6 cxd6 28. Bc4 Rxf2 29. Qe8+ 1-0

[Event "Titled Tuesday intern op 23rd Apr Late"]
[Site "Chess.com INT"]
[Date "2024.04.23"]
[Round "3"]
[White "Valiyev, Shahin"]
[Black "Preotu, Razvan"]
[Result "1-0"]
[WhiteElo "2244"]
[BlackElo "2470"]
[PlyCount "67"]
[EventDate "2024.04.23"]
[EventType "swiss (blitz)"]
[EventRounds "11"]
[EventCountry "USA"]
[SourceTitle "CB18_2024"]
[SourceDate "2024.05.01"]
[SourceVersion "1"]
[SourceVersionDate "2024.05.01"]
[SourceQuality "2"]

1. e4 c5 2. Nf3 d6 3. d4 cxd4 4. Nxd4 Nf6 5. Nc3 a6 6. Be3 e5 7. Nb3 Be6 8. Qd2 Nbd7 9. h3 b5 10. 0-0-0 Nb6 11. Bxb6 Qxb6 12. g4 Rc8 13. g5 Rxc3 14. Qxc3 Nxe4 15. Qf3 Nxf2 16. Qa8+ Qd8 17. Qxa6 Qxg5+ 18. Kb1 Nxh1 19. Bxb5+ Ke7 20. Rxh1 f5 21. Qa8 Rg8 22. a4 Kf6 23. a5 Be7 24. Qb7 Qe3 25. a6 Qe4 26. Qxe4 fxe4 27. Bc6 d5 28. a7 e3 29. Re1 d4 30. a8Q Rxa8 31. Bxa8 Bxh3 32. Nc1 Bf5 33. Rf1 g5 34. Be4 1-0

[Event "Canadian zt"]
[Site "Toronto"]
[Date "2024.03.27"]
[Round "1"]
[White "Preotu, Razvan"]
[Black "Abrahams, Daniel"]
[Result "1-0"]
[WhiteElo "2467"]
[BlackElo "2166"]
[PlyCount "109"]
[EventDate "2024.03.27"]
[EventType "team-swiss"]
[EventRounds "10"]
[EventCountry "CAN"]
[SourceTitle "CB15_2024"]
[SourceDate "2024.04.10"]
[SourceVersion "1"]
[SourceVersionDate "2024.04.10"]
[SourceQuality "1"]

1. e4 c5 2. Nf3 e6 3. c3 d5 4. exd5 Qxd5 5. d4 Nf6 6. Na3 a6 7. Nc4 Nbd7 8. Be2 b5 9. Ne3 Qc6 10. 0-0 Bb7 11. a4 Be7 12. dxc5 Qxc5 13. Nd4 b4 14. cxb4 Qxb4 15. Ra3 Nc5 16. Nc4 Bd5 17. Ne3 Bb7 18. a5 Be4 19. f3 Rd8 20. fxe4 Rxd4 21. Nc2 Rxd1 22. Nxb4 Rd4 23. Nc6 Rxe4 24. Bf3 Rc4 25. b3 Rc3 26. b4 Nce4 27. Rxc3 Nxc3 28. Bd2 Ncd5 29. Be2 Nc7 30. Nb8 Nfd5 31. Nxa6 Nxa6 32. Bxa6 Bxb4 33. Bxb4 Nxb4 34. Bb7 Ke7 35. Rb1 Nd5 36. a6 Nc7 37. a7 Rd8 38. Bf3 f5 39. Rb7 Kd6 40. Rb8 Ke7 41. Rxd8 Kxd8 42. Kf2 Kd7 43. Ke3 e5 44. a8Q Nxa8 45. Bxa8 g5 46. Kd3 g4 47. Kc4 Kd6 48. Bb7 h5 49. Bc8 f4 50. Bb7 Ke6 51. Kd3 Kf5 52. Bc8+ Kg5 53. Ke4 h4 54. Kxe5 g3 55. hxg3 1-0

[Event "Toronto Excelsior op"]
[Site "Toronto"]
[Date "2024.02.24"]
[Round "2"]
[White "Wang, Derek"]
[Black "Preotu, Razvan"]
[Result "0-1"]
[WhiteElo "1967"]
[BlackElo "2544"]
[PlyCount "66"]
[EventDate "2024.02.23"]
[EventType "swiss"]
[EventRounds "5"]
[EventCountry "CAN"]
[SourceTitle "CB10_2024"]
[SourceDate "2024.03.06"]
[SourceVersion "1"]
[SourceVersionDate "2024.03.06"]
[SourceQuality "1"]

1. d4 d5 2. Nc3 Nf6 3. Bf4 c5 4. e3 cxd4 5. exd4 Bg4 6. f3 Bd7 7. Nb5 Bxb5 8. Bxb5+ Nc6 9. c3 a6 10. Bd3 e6 11. Qd2 Bd6 12. Ne2 b5 13. a3 Na5 14. Qc2 Nc4 15. Bxc4 bxc4 16. b4 cxb3 17. Qxb3 0-0 18. 0-0 Rc8 19. Rfc1 Rc4 20. Qb7 Bxf4 21. Nxf4 Qa5 22. Ne2 Ra4 23. Kf2 Ne8 24. Qe7 Nc7 25. Nf4 Nb5 26. Rab1 Rxa3 27. c4 Ra2+ 28. Kg1 dxc4 29. Rxc4 Qd2 30. Qg5 Na3 31. Rcc1 Nxb1 32. Rxb1 Qxd4+ 33. Kh1 Ra1 0-1

[Event "Titled Tuesday intern op 26th Sep Early"]
[Site "Chess.com INT"]
[Date "2023.09.26"]
[Round "4"]
[White "Bettalli, Francesco"]
[Black "Preotu, Razvan"]
[Result "0-1"]
[WhiteElo "2274"]
[BlackElo "2475"]
[PlyCount "112"]
[EventDate "2023.09.26"]
[EventType "swiss (blitz)"]
[EventRounds "11"]
[EventCountry "USA"]
[SourceTitle "EXT 2024"]
[Source "ChessBase"]
[SourceDate "2023.10.10"]
[SourceVersion "1"]
[SourceVersionDate "2023.10.10"]
[SourceQuality "1"]

1. e4 c5 2. Nc3 d6 3. d4 cxd4 4. Qxd4 Nc6 5. Qd2 g6 6. b3 Bh6 7. f4 Nf6 8. Bb2 0-0 9. 0-0-0 e5 10. g3 Re8 11. Bg2 Bg4 12. Rf1 Rc8 13. h3 Be6 14. Nd5 Bxd5 15. exd5 Nd4 16. Bxd4 exd4 17. Qxd4 Qa5 18. a4 Re1+ 19. Rxe1 Qxe1+ 20. Qd1 Qxg3 21. Qf3 Bxf4+ 22. Kb2 Be5+ 23. Ka3 Rxc2 24. Qxg3 Bxg3 25. Bf3 Rf2 26. h4 h5 27. Rh3 Be5 28. Ne2 a5 29. b4 b6 30. bxa5 bxa5 31. Kb3 Nd7 32. Kc4 Nc5 33. Kb5 Rf1 34. Bg2 Rb1+ 35. Kc6 Nxa4 36. Ra3 Rb6+ 37. Kd7 Rb4 38. Nc1 Nc5+ 39. Ke7 a4 40. Nd3 Nxd3 41. Rxd3 Rb3 42. Rd2 a3 43. Rc2 Kg7 44. Rf2 f5 45. Rc2 Rb2 46. Rc7 a2 47. Ke8+ Kh6 48. Bf1 a1Q 49. Bb5 Qa8+ 50. Kf7 Rxb5 51. Ke6 Qxd5+ 52. Ke7 f4 53. Kf8 Bg7+ 54. Rxg7 Rb8+ 55. Ke7 Qb7+ 56. Ke6 Qxg7 0-1

[Event "Titled Tuesday intern op 26th Sep Early"]
[Site "Chess.com INT"]
[Date "2023.09.26"]
[Round "9"]
[White "Gordon, Frederick"]
[Black "Preotu, Razvan"]
[Result "0-1"]
[WhiteElo "2303"]
[BlackElo "2475"]
[PlyCount "76"]
[EventDate "2023.09.26"]
[EventType "swiss (blitz)"]
[EventRounds "11"]
[EventCountry "USA"]
[SourceTitle "EXT 2024"]
[Source "ChessBase"]
[SourceDate "2023.10.10"]
[SourceVersion "1"]
[SourceVersionDate "2023.10.10"]
[SourceQuality "1"]

1. Nf3 c5 2. g3 Nc6 3. Bg2 e5 4. c4 g6 5. Nc3 Bg7 6. 0-0 d6 7. d3 Nge7 8. Ne1 Be6 9. Nd5 0-0 10. Nc2 Rb8 11. Nce3 a6 12. a3 b5 13. cxb5 axb5 14. b4 Nxd5 15. Bxd5 Qd7 16. Rb1 cxb4 17. axb4 Ne7 18. Bxe6 Qxe6 19. Qb3 d5 20. Bb2 Rfd8 21. Ng2 Qh3 22. f4 e4 23. Bxg7 Kxg7 24. Ra1 Nf5 25. Ra7 Rbc8 26. dxe4 Nd4 27. Qd3 dxe4 28. Qxe4 Rc2 29. Re1 Qg4 30. Kf2 Rd2 31. Nh4 Qh3 32. Qg2 Qe6 33. Kf1 Nc2 34. Qf3 Nxe1 35. Kxe1 Rd1+ 36. Kf2 Qb6+ 37. Qe3 Rf1+ 38. Kxf1 Qxe3 0-1

[Event "Titled Tuesday intern op 26th Sep Early"]
[Site "Chess.com INT"]
[Date "2023.09.26"]
[Round "2"]
[White "Melikhov, Evgeny V"]
[Black "Preotu, Razvan"]
[Result "0-1"]
[WhiteElo "2208"]
[BlackElo "2475"]
[PlyCount "76"]
[EventDate "2023.09.26"]
[EventType "swiss (blitz)"]
[EventRounds "11"]
[EventCountry "USA"]
[SourceTitle "EXT 2024"]
[Source "ChessBase"]
[SourceDate "2023.10.10"]
[SourceVersion "1"]
[SourceVersionDate "2023.10.10"]
[SourceQuality "1"]

1. d4 Nf6 2. c4 g6 3. Nc3 d5 4. cxd5 Nxd5 5. e4 Nxc3 6. bxc3 Bg7 7. Bc4 c5 8. Ne2 Nc6 9. Be3 0-0 10. h4 cxd4 11. cxd4 Qa5+ 12. Kf1 Qa3 13. Qc1 Qxc1+ 14. Rxc1 Rd8 15. Rd1 Bd7 16. f3 Rac8 17. Bb3 Na5 18. Kf2 Nxb3 19. axb3 e6 20. Bg5 Re8 21. Rc1 Bb5 22. Be3 Red8 23. Rxc8 Rxc8 24. Rc1 Rxc1 25. Nxc1 a6 26. g4 f5 27. e5 Kf7 28. Bd2 h5 29. g5 Bf8 30. Ke3 Ke8 31. Nd3 Bxd3 32. Kxd3 Kd7 33. Kc4 b5+ 34. Kd3 Kc6 35. Bc3 Kd5 36. Ba5 Be7 37. Bb6 Bb4 38. Bc7 Be1 0-1

[Event "Titled Tuesday intern op 26th Sep Early"]
[Site "Chess.com INT"]
[Date "2023.09.26"]
[Round "6"]
[White "Preotu, Razvan"]
[Black "Mendez Fortes, Eduardo Jesus"]
[Result "1-0"]
[WhiteElo "2475"]
[BlackElo "2231"]
[PlyCount "67"]
[EventDate "2023.09.26"]
[EventType "swiss (blitz)"]
[EventRounds "11"]
[EventCountry "USA"]
[SourceTitle "EXT 2024"]
[Source "ChessBase"]
[SourceDate "2023.10.10"]
[SourceVersion "1"]
[SourceVersionDate "2023.10.10"]
[SourceQuality "1"]

1. e4 c5 2. Nf3 d6 3. d4 cxd4 4. Nxd4 Nf6 5. Nc3 a6 6. Be3 e5 7. Nb3 Be7 8. h3 h6 9. Qf3 b5 10. 0-0-0 Bb7 11. Nd5 Nbd7 12. Kb1 Rc8 13. g4 Nxd5 14. exd5 Bg5 15. h4 Bxh4 16. Na5 Qxa5 17. Rxh4 Qc7 18. c3 Nf8 19. g5 Ng6 20. Rh1 hxg5 21. Rxh8+ Nxh8 22. Bh3 Rd8 23. Bxg5 f6 24. Be6 fxg5 25. Rh1 Nf7 26. Bxf7+ Qxf7 27. Rh8+ Ke7 28. Qxf7+ Kxf7 29. Rxd8 Bxd5 30. Rxd6 Be4+ 31. Kc1 g4 32. Rxa6 Bd3 33. Kd2 Bc4 34. b3 1-0

[Event "Titled Tuesday intern op 26th Sep Early"]
[Site "Chess.com INT"]
[Date "2023.09.26"]
[Round "5"]
[White "Souleidis, Georgios"]
[Black "Preotu, Razvan"]
[Result "1-0"]
[WhiteElo "2419"]
[BlackElo "2475"]
[PlyCount "78"]
[EventDate "2023.09.26"]
[EventType "swiss (blitz)"]
[EventRounds "11"]
[EventCountry "USA"]
[SourceTitle "EXT 2024"]
[Source "ChessBase"]
[SourceDate "2023.10.10"]
[SourceVersion "1"]
[SourceVersionDate "2023.10.10"]
[SourceQuality "1"]

1. e4 c5 2. Be2 Nc6 3. d3 e6 4. f4 d5 5. Nf3 Bd6 6. 0-0 Nge7 7. c3 0-0 8. g3 Bc7 9. Be3 d4 10. Bf2 b5 11. cxd4 cxd4 12. a4 b4 13. Nbd2 a5 14. Rc1 Ba6 15. Nb3 Bb6 16. Nc5 Bxc5 17. Rxc5 Qb6 18. Rc1 b3 19. Nd2 Rab8 20. Nc4 Qb4 21. Be1 Qxa4 22. Ra1 Qb5 23. Nxa5 Nxa5 24. Rxa5 Qb7 25. Qa1 Bb5 26. Ra7 Qc6 27. Rxe7 Qc2 28. Rf2 Ra8 29. Qd1 Qxb2 30. Bf1 Qa3 31. Rb7 Rfb8 32. Rxb8+ Rxb8 33. Qb1 Ba4 34. Qb2 Qc5 35. Rd2 h5 36. Be2 h4 37. gxh4 Rc8 38. Bf2 Qc1+ 39. Kg2 Rd8 1-0

[Event "Titled Tuesday intern op 19th Sep Early"]
[Site "Chess.com INT"]
[Date "2023.09.19"]
[Round "6"]
[White "Kamsky, Gata"]
[Black "Preotu, Razvan"]
[Result "1-0"]
[WhiteElo "2641"]
[BlackElo "2475"]
[PlyCount "69"]
[EventDate "2023.09.19"]
[EventType "swiss (blitz)"]
[EventRounds "11"]
[EventCountry "USA"]
[SourceTitle "EXT 2024"]
[Source "ChessBase"]
[SourceDate "2023.10.10"]
[SourceVersion "1"]
[SourceVersionDate "2023.10.10"]
[SourceQuality "1"]

1. e4 e6 2. d4 d5 3. Nc3 Nf6 4. e5 Nfd7 5. f4 c5 6. Nf3 Nc6 7. Ne2 Be7 8. c3 0-0 9. Be3 f6 10. g3 Qb6 11. Bh3 fxe5 12. dxe5 Kh8 13. Qd2 d4 14. cxd4 cxd4 15. Nfxd4 Nxd4 16. Bxd4 Qc6 17. 0-0 Nb6 18. Bg2 Nd5 19. Rfc1 Qd7 20. Nc3 Nxc3 21. Qxc3 Qe8 22. Bc5 Bd7 23. Bxe7 Qxe7 24. Bxb7 Rab8 25. Bg2 g5 26. fxg5 Qxg5 27. Rf1 Rfc8 28. Qd4 Bc6 29. Rf2 Bxg2 30. Kxg2 Rd8 31. Qxa7 Qxe5 32. Qa3 Qd4 33. Re1 e5 34. Qe3 Qd5+ 35. Qe4 1-0

[Event "Titled Tuesday intern op 19th Sep Early"]
[Site "Chess.com INT"]
[Date "2023.09.19"]
[Round "8"]
[White "Preotu, Razvan"]
[Black "Domingo Nunez, Ruben"]
[Result "1-0"]
[WhiteElo "2475"]
[BlackElo "2417"]
[PlyCount "51"]
[EventDate "2023.09.19"]
[EventType "swiss (blitz)"]
[EventRounds "11"]
[EventCountry "USA"]
[SourceTitle "EXT 2024"]
[Source "ChessBase"]
[SourceDate "2023.10.10"]
[SourceVersion "1"]
[SourceVersionDate "2023.10.10"]
[SourceQuality "1"]

1. e4 g6 2. d4 Bg7 3. Nc3 c6 4. Be3 d5 5. e5 f6 6. f4 Nh6 7. Qd2 Nf5 8. 0-0-0 0-0 9. Kb1 fxe5 10. fxe5 Nxe3 11. Qxe3 Bg4 12. Be2 Bxe2 13. Ngxe2 e6 14. h4 h5 15. g4 hxg4 16. Qg3 Qe8 17. Qxg4 Qf7 18. h5 Qf5 19. Qg2 gxh5 20. Rdg1 Qg4 21. Qh2 Qf5 22. Ng3 Qf4 23. Qxh5 Rf7 24. Nf5 Kf8 25. Qh8+ Bxh8 26. Rxh8# 1-0

[Event "Titled Tuesday intern op 19th Sep Early"]
[Site "Chess.com INT"]
[Date "2023.09.19"]
[Round "5"]
[White "Preotu, Razvan"]
[Black "Ozates, Tuna"]
[Result "1-0"]
[WhiteElo "2475"]
[BlackElo "2309"]
[PlyCount "71"]
[EventDate "2023.09.19"]
[EventType "swiss (blitz)"]
[EventRounds "11"]
[EventCountry "USA"]
[SourceTitle "EXT 2024"]
[Source "ChessBase"]
[SourceDate "2023.10.10"]
[SourceVersion "1"]
[SourceVersionDate "2023.10.10"]
[SourceQuality "1"]

1. e4 e5 2. Nf3 Nc6 3. Bc4 Bc5 4. c3 Nf6 5. d3 d6 6. 0-0 0-0 7. Re1 a5 8. h3 Ba7 9. Nbd2 Ne7 10. d4 Ng6 11. Bd3 Nf4 12. Bc2 Re8 13. Nf1 N6h5 14. Kh2 Qf6 15. Ng3 h6 16. Be3 g5 17. Nxh5 Nxh5 18. Nxe5 dxe5 19. Qxh5 exd4 20. cxd4 Bxd4 21. Bxd4 Qxd4 22. Qxh6 Qe5+ 23. Kg1 Re6 24. Qh5 Rg6 25. Bb3 Be6 26. Bxe6 Rxe6 27. Rad1 Rg6 28. Rd5 Qxb2 29. Rxg5 Raa6 30. Rd1 Kg7 31. Rd8 Qc1+ 32. Kh2 Qf4+ 33. Rg3 Qh6 34. Qe5+ Raf6 35. Qe8 Qh7 36. Qf8# 1-0

[Event "Titled Tuesday intern op 19th Sep Early"]
[Site "Chess.com INT"]
[Date "2023.09.19"]
[Round "7"]
[White "Prestia, Paris"]
[Black "Preotu, Razvan"]
[Result "0-1"]
[WhiteElo "2059"]
[BlackElo "2475"]
[PlyCount "118"]
[EventDate "2023.09.19"]
[EventType "swiss (blitz)"]
[EventRounds "11"]
[EventCountry "USA"]
[SourceTitle "EXT 2024"]
[Source "ChessBase"]
[SourceDate "2023.10.10"]
[SourceVersion "1"]
[SourceVersionDate "2023.10.10"]
[SourceQuality "1"]

1. d4 Nf6 2. c4 g6 3. Nc3 d5 4. Nf3 Bg7 5. Bf4 0-0 6. e3 c5 7. dxc5 Ne4 8. Be5 Bxe5 9. Nxe5 Nxc3 10. bxc3 Qc7 11. Qd4 f6 12. Nf3 Nc6 13. Qxd5+ Kg7 14. Nd4 Rd8 15. Qe4 e5 16. Nxc6 bxc6 17. Be2 Bf5 18. Qf3 h5 19. h3 Rab8 20. g4 e4 21. Qg2 Qe5 22. Rc1 hxg4 23. hxg4 Be6 24. f4 exf3 25. Qxf3 Rh8 26. Kf2 Rh2+ 27. Rxh2 Qxh2+ 28. Qg2 Qxg2+ 29. Kxg2 Rb2 30. Kf3 Bxg4+ 31. Kxg4 Rxe2 32. Kf3 Rxa2 33. Rd1 Ra5 34. Rd7+ Kh6 35. Rd6 Rxc5 36. Rxf6 Rxc4 37. Rf7 a5 38. Ra7 a4 39. Ke2 Rxc3 40. Rxa4 Kg5 41. Kf3 Kf5 42. Ra5+ c5 43. Ra8 c4 44. Rc8 Rc1 45. Rc5+ Kf6 46. Kf4 c3 47. Rc6+ Kf7 48. Kg5 c2 49. Rc7+ Ke8 50. Kf6 Rf1+ 51. Ke6 c1Q 52. Re7+ Kd8 53. Rd7+ Kc8 54. Rd6 Qxe3+ 55. Kd5 Rd1+ 56. Kc6 Qc3+ 57. Kb6 Rxd6+ 58. Kb5 Rd5+ 59. Ka6 Qa5# 0-1

[Event "Titled Tuesday intern op 12th Sep Early"]
[Site "Chess.com INT"]
[Date "2023.09.12"]
[Round "7"]
[White "Preotu, Razvan"]
[Black "Souleidis, Georgios"]
[Result "1-0"]
[WhiteElo "2475"]
[BlackElo "2419"]
[PlyCount "43"]
[EventDate "2023.09.12"]
[EventType "swiss (blitz)"]
[EventRounds "11"]
[EventCountry "USA"]
[SourceTitle "EXT 2024"]
[Source "ChessBase"]
[SourceDate "2023.10.10"]
[SourceVersion "1"]
[SourceVersionDate "2023.10.10"]
[SourceQuality "1"]

1. e4 c5 2. Nf3 e6 3. c3 d5 4. exd5 exd5 5. d4 Nf6 6. Bb5+ Bd7 7. Bxd7+ Nbxd7 8. 0-0 Be7 9. dxc5 Nxc5 10. Be3 0-0 11. Nbd2 Rc8 12. Nb3 b6 13. Nbd4 Nfe4 14. Nf5 Bf6 15. Bd4 Re8 16. Bxf6 Qxf6 17. Ne3 Rcd8 18. Nxd5 Qe6 19. c4 b5 20. Qc2 Qc6 21. Rad1 bxc4 22. Ne7+ 1-0

[Event "Titled Tuesday intern op 12th Sep Early"]
[Site "Chess.com INT"]
[Date "2023.09.12"]
[Round "4"]
[White "Preotu, Razvan"]
[Black "Terry, Renato"]
[Result "0-1"]
[WhiteElo "2475"]
[BlackElo "2520"]
[PlyCount "80"]
[EventDate "2023.09.12"]
[EventType "swiss (blitz)"]
[EventRounds "11"]
[EventCountry "USA"]
[SourceTitle "EXT 2024"]
[Source "ChessBase"]
[SourceDate "2023.10.10"]
[SourceVersion "1"]
[SourceVersionDate "2023.10.10"]
[SourceQuality "1"]

1. e4 e6 2. d4 d5 3. Nc3 Nf6 4. e5 Nfd7 5. f4 c5 6. Nf3 Nc6 7. Be3 Be7 8. a3 b6 9. Bb5 Bb7 10. Qd2 g6 11. 0-0 c4 12. Kh1 a6 13. Bxc6 Bxc6 14. f5 exf5 15. e6 fxe6 16. Bh6 Nf6 17. Bg7 Rg8 18. Bxf6 Bxf6 19. Rae1 Kd7 20. Ne5+ Bxe5 21. Rxe5 Qf6 22. Rfe1 Rae8 23. Ne2 g5 24. Qb4 Kc7 25. Nc3 f4 26. a4 a5 27. Nb5+ Bxb5 28. Qxb5 f3 29. Qa6 Ra8 30. Qb5 Rge8 31. Rf1 g4 32. b3 Rf8 33. Kg1 f2+ 34. Kh1 g3 35. bxc4 Qh4 36. h3 Rg8 37. cxd5 Qxh3+ 38. gxh3 g2+ 39. Kh2 g1Q+ 40. Rxg1 fxg1Q# 0-1

[Event "Titled Tuesday intern op 12th Sep Early"]
[Site "Chess.com INT"]
[Date "2023.09.12"]
[Round "1"]
[White "Seder, Mohamad"]
[Black "Preotu, Razvan"]
[Result "0-1"]
[WhiteElo "2077"]
[BlackElo "2475"]
[PlyCount "110"]
[EventDate "2023.09.12"]
[EventType "swiss (blitz)"]
[EventRounds "11"]
[EventCountry "USA"]
[SourceTitle "EXT 2024"]
[Source "ChessBase"]
[SourceDate "2023.10.10"]
[SourceVersion "1"]
[SourceVersionDate "2023.10.10"]
[SourceQuality "1"]

1. e4 c5 2. Nf3 d6 3. Bb5+ Nd7 4. 0-0 a6 5. Bxd7+ Bxd7 6. c3 Nf6 7. Re1 e6 8. d4 Be7 9. Bf4 0-0 10. dxc5 dxc5 11. Nbd2 b5 12. Ne5 Be8 13. Qe2 Qb6 14. Rad1 Rd8 15. Ndf3 Nd7 16. Nxd7 Bxd7 17. Ne5 Bc8 18. Qg4 f6 19. Bh6 g5 20. Bxf8 Kxf8 21. Rxd8+ Bxd8 22. Nf3 Qd6 23. e5 Qd5 24. h4 f5 25. Qh5 gxh4 26. Ng5 Bxg5 27. Qxg5 Bb7 28. f3 h3 29. Qh6+ Kg8 30. Qxh3 Qd2 31. Qg3+ Kf7 32. Qf2 Qd5 33. Qh4 Ke8 34. Qxh7 Qd2 35. Qg8+ Kd7 36. Qg3 Bd5 37. Qf2 Qd3 38. Qxc5 Qd2 39. Qf2 Qg5 40. f4 Qg4 41. b3 Kc6 42. Rc1 Be4 43. c4 b4 44. c5 Bd5 45. Qd2 a5 46. Re1 Qg3 47. Qe2 Bxg2 48. Qa6+ Kc7 49. Qb6+ Kc8 50. Qxe6+ Kb8 51. Qe8+ Ka7 52. Re3 Bf3+ 53. Kf1 Qg2+ 54. Ke1 Qg1+ 55. Kd2 Qd1# 0-1

[Event "Titled Tuesday intern op 12th Sep Early"]
[Site "Chess.com INT"]
[Date "2023.09.12"]
[Round "6"]
[White "Sjugirov, Sanan"]
[Black "Preotu, Razvan"]
[Result "1-0"]
[WhiteElo "2705"]
[BlackElo "2475"]
[PlyCount "97"]
[EventDate "2023.09.12"]
[EventType "swiss (blitz)"]
[EventRounds "11"]
[EventCountry "USA"]
[SourceTitle "EXT 2024"]
[Source "ChessBase"]
[SourceDate "2023.10.10"]
[SourceVersion "1"]
[SourceVersionDate "2023.10.10"]
[SourceQuality "1"]

1. e4 c5 2. Nf3 d6 3. d4 cxd4 4. Nxd4 Nf6 5. Nc3 a6 6. Be3 e5 7. Nf3 Be7 8. Bc4 0-0 9. 0-0 Nc6 10. Qe2 Na5 11. Bd5 Be6 12. Rfd1 Bxd5 13. Nxd5 Nxd5 14. Rxd5 Qc7 15. b3 b5 16. a4 Nc6 17. c3 bxa4 18. Rxa4 a5 19. Nd2 Rab8 20. Qa6 Rfc8 21. g3 h6 22. Rb5 Rxb5 23. Qxb5 Bg5 24. Nc4 Rb8 25. Bb6 Qb7 26. Qd5 Be7 27. b4 axb4 28. cxb4 Qd7 29. b5 Nd4 30. Nxe5 Qxb5 31. Qxf7+ Kh7 32. Bxd4 dxe5 33. Qf5+ Kg8 34. Qxe5 Qxe5 35. Bxe5 Re8 36. Bc3 Bc5 37. Rc4 Bb6 38. Kg2 Re6 39. f4 g5 40. Kf3 gxf4 41. gxf4 Rd6 42. Kg4 Kf7 43. Kf5 Rd1 44. Rc6 Bd8 45. Rxh6 Rc1 46. Be5 Be7 47. Rh7+ Ke8 48. h4 Rh1 49. h5 1-0

[Event "Titled Tuesday intern op 12th Sep Early"]
[Site "Chess.com INT"]
[Date "2023.09.12"]
[Round "9"]
[White "Vlassov, Nikolai"]
[Black "Preotu, Razvan"]
[Result "1-0"]
[WhiteElo "2283"]
[BlackElo "2475"]
[PlyCount "79"]
[EventDate "2023.09.12"]
[EventType "swiss (blitz)"]
[EventRounds "11"]
[EventCountry "USA"]
[SourceTitle "EXT 2024"]
[Source "ChessBase"]
[SourceDate "2023.10.10"]
[SourceVersion "1"]
[SourceVersionDate "2023.10.10"]
[SourceQuality "1"]

1. e4 c5 2. c3 Nf6 3. e5 Nd5 4. d4 cxd4 5. cxd4 d6 6. Bc4 Nb6 7. Bb3 dxe5 8. Qh5 e6 9. dxe5 Nc6 10. Nc3 Qd3 11. Bf4 Bb4 12. Nge2 Bxc3+ 13. Nxc3 Nd4 14. Rd1 Nc2+ 15. Bxc2 Qxc2 16. 0-0 0-0 17. Rd2 Qg6 18. Qh3 Nd5 19. Nxd5 exd5 20. Qg3 Qxg3 21. Bxg3 Be6 22. Rc1 Rac8 23. Rdc2 Rxc2 24. Rxc2 d4 25. f4 Bxa2 26. Rc7 d3 27. Rd7 Bc4 28. Kf2 Bb5 29. Rd5 a6 30. Ke3 Re8 31. Be1 f6 32. Bc3 Kf7 33. g4 h5 34. gxh5 Ke6 35. Rd6+ Kf5 36. h6 fxe5 37. Bxe5 g5 38. Rf6+ Kg4 39. h7 d2 40. Kxd2 1-0